| 000 | 00000nam##2200000za#4500 |
| 001 | 9.644315 |
| 003 | CaOODSP |
| 005 | 20250506145324 |
| 007 | cr ||||||||||| |
| 008 | 150407|1962||||xxc|||||o f|0| 0 fre|d |
| 040 | |aCaOODSP|bfre |
| 043 | |an-cn--- |
| 086 | 1 |aA43-935/1962F-PDF |
| 110 | 1 |aCanada.|bAgriculture Canada. |
| 245 | 10|aRépression de la mouche de l'oignon / |h[ressource électronique]|c[par] J.P. Perron, D.G. Finlayson and G.F. Manson. |
| 260 | |aOttawa - Ontario : |bAgriculture Canada |c1962. |
| 300 | |a8p.|bill. |
| 500 | |aPublication historique numérisée par Agriculture et Agroalimentaire Canada. |
| 590 | |a15-03-Supp|b2015-03-13 |
| 720 | 1 |aPerron, J. P. |
| 720 | 1 |aFinlayson, D. G. |
| 720 | 1 |aManson, G. F. |
| 775 | 08|tControl of the onion maggot / |w(CaOODSP)9.700427 |
| 856 | 40|ahttp://publications.gc.ca|qPDF|s602 Ko|uhttps://publications.gc.ca/collections/collection_2015/aac-aafc/A43-935-1962-fra.pdf |
| 986 | |aPublication 935 |